La poesía de Jean Aristeguieta (Record no. 25695)
[ view plain ]
| 000 -LEADER | |
|---|---|
| campo de control de longitud fija | 00558nam a2200169 i 4500 |
| 001 - NÚMERO DE CONTROL | |
| campo de control | 25695 |
| 003 - IDENTIFICADOR DE NÚMERO DE CONTROL | |
| campo de control | ES-MaACL |
| 007 - CAMPO FIJO DE DESCRIPCIÓN FÍSICA--INFORMACIÓN GENERAL | |
| campo de control de longitud fija | t| |
| 008 - DATOS DE LONGITUD FIJA--INFORMACIÓN GENERAL | |
| campo de control de longitud fija | 030102s1955 sp ||||1| spa d |
| 100 1# - ENTRADA PRINCIPAL--NOMBRE DE PERSONA | |
| Nombre de persona | Aristeguieta, Jean. |
| 9 (RLIN) | 22855 |
| 245 13 - MENCIÓN DEL TÍTULO | |
| Título | La poesía de Jean Aristeguieta |
| Resto del título | : (Estudio y Antología) / |
| Mención de responsabilidad, etc. | Jean Aristeguieta, Hugo Emilio Pedemonte. |
| 260 ## - PUBLICACIÓN, DISTRIBUCIÓN, ETC. | |
| Lugar de publicación, distribución, etc. | Madrid : |
| Nombre del editor, distribuidor, etc. | Agora, |
| Fecha de publicación, distribución, etc. | 1955 ( |
| Fabricante | Orbe) |
| 300 ## - DESCRIPCIÓN FÍSICA | |
| Extensión | 238 p. : |
| Otras características físicas | retr. aut. ; |
| Dimensiones | 21 cm. |
| 700 0# - ENTRADA AGREGADA--NOMBRE PERSONAL | |
| Nombre de persona | Pedemonte, Hugo Emilio, |
| Fechas asociadas al nombre | 1922-1994 |
| 9 (RLIN) | 89865 |
| 852 ## - LOCALIZACIÓN | |
| Ubicación | ES-MaACL |
| Número de control de estantería | C-9625 |
| Sublocalización o colección | R.37558 |
| Estatus retirado | Estado de pérdida | Estado de daño | No para préstamo | Biblioteca de origen | Biblioteca actual | Ubicación en estantería | Fecha de adquisición | Fuente de adquisición | Total de préstamos | Signatura topográfica completa | Código de barras | Visto por última vez | Precio de reemplazo | Tipo de ítem Koha |
|---|---|---|---|---|---|---|---|---|---|---|---|---|---|---|
| Biblioteca del Ateneo de Madrid | Biblioteca del Ateneo de Madrid | Sala Palomar | 17/01/2008 | C-9625 | 1026500 | 23/02/2023 | 23/02/2023 | Libro impreso |
